000
00286nam a22001337a 4500
008
170407b xxu||||| |||| 00| 0 eng d
020
_a
2900781772210
041
_a
eng
080
_2
5TH
_a
611.018
100
_a
9
101
_a
SHM
245
_a
HISTOLOGY
_c
ROSS, M.H
942
_2
udc
_c
BK
999
_c
10079
_d
10079